• 首页
  • 本馆介绍
  • 公告通知
  • 最新文献
  • 馆藏检索
  • 电子资源
  • 读者导购
  • 参考咨询
  • 我的图书馆
  • 登录
  • 详细信息显示
  • 放入我的书架
  • 预约/预借图书
  • 作者相关作品
  • 分类相关作品
  • 丛书相关作品
  • 出版社相关作品

书目信息

  • 表格格式
  • 工作单格式
  • 卡片格式
题名:
工业设计史
    
 
作者: 耿兴隆 主编
分册:  
出版信息: 西安   西安交通大学出版社  2015
页数: 249页
开本: 26cm
丛书名:
单 册:
中图分类: TB47
科图分类:
主题词: 工业设计--技术史--世界--高等教育--教材
电子资源:
ISBN: 978-7-5605-7250-5
000 00849nam0 2200253 450
001 012015000147
005 20151130102008.40
010    @a978-7-5605-7250-5@dCNY49.00
100    @a20151126d2015 em y0chiy50 ea
101 0  @achi
102    @aCN@b610000
105    @aa z 000yy
106    @ar
200 1  @a工业设计史@Agong ye she ji shi@f耿兴隆主编
210    @a西安@c西安交通大学出版社@d2015
215    @a249页@c图@d26cm
312    @a封面英文题名:Arts & design
330    @a本书内容按照人类文明经历的三大时代文化形态分成三大部分进行叙述。主要内容包括:设计的萌芽阶段、手工艺设计阶段、手工艺设计的尾声与工业设计的萌芽等。
510 1  @aRts & design@zeng
606 0  @a工业设计@x技术史@y世界@x高等教育@j教材
690    @aTB47@v5
701  0 @a耿兴隆@Ageng xing long@4主编
801  0 @aCN@b碧洲教育@c20151127
905    @a10447@f4@dTB47@e254
    
    工业设计史/耿兴隆主编.-西安:西安交通大学出版社,2015
    249页:图;26cm
    
    
    ISBN 978-7-5605-7250-5:CNY49.00
    本书内容按照人类文明经历的三大时代文化形态分成三大部分进行叙述。主要内容包括:设计的萌芽阶段、手工艺设计阶段、手工艺设计的尾声与工业设计的萌芽等。
●
相关链接 在E读中查询图书 在五车中查询图书 在当当中查询图书 在豆瓣中查询图书


正题名:工业设计史     索取号:TB47/254         预约/预借

序号 登录号 条形码 馆藏地/架位号 状态 备注
1 0871044   208710448   第二样本阅览室/ [索取号:TB47/254] 在馆    
2 0871045   208710457   第三借阅区/ [索取号:TB47/254] 在馆    
3 0871046   208710466   第三借阅区/ [索取号:TB47/254] 在馆    
4 0871047   208710475   第三借阅区/ [索取号:TB47/254] 在馆    
唐山师范学院图书馆 欢迎您!
大连网信软件有限公司© 版权所有